00325pab a2200121 454500008004000000100001600040245005800056260000900114300001400123362000800137650001500145773004300160180718b2003 xxu||||| |||| 00| 0 eng d aSingh, B.D. aPlacing participative management in right perspective c2003 ap.205-15. aOct aManagement aIndian Journal of Industrial Relations